Historical Site to Country - Statistics

General Stats
  • This quiz has been taken 27 times
  • The average score is 15 of 18
Answer Stats
Historical Site Country % Correct
Kyoto Japan
100%
Cusco Peru
96%
Saint Petersburg Russia
96%
Chernobyl Ukraine
96%
Pi-Ramesses Egypt
92%
Knossos Greece
92%
Teotihuácan Mexico
92%
Granada Spain
92%
Troy Türkiye
92%
Angkor Cambodia
88%
Jericho Israel / Palestine
88%
Timbuktu Mali
88%
Liaoning China
85%
Bath United Kingdom
85%
Uruk Iraq
65%
Ayutthaya Thailand
58%
Mohenjodaro Pakistan
54%
Hazor Israel
15%
No matching quizzes found
Score Distribution
Percent of People with Each Score
Percentile by Number Answered
Your Score History
You have not taken this quiz